000
00227 a2200097 4500
001
14177
100
_a
Connor J.D
245
_a
Riverside textbooks in education
260
_a
Boston
_b
Houghton mifflin
_c
090
_c
11121
_d
11121
942
_a
NUST-CAE
_c
M
_c
1250
999
_c
249250
_d
249250